Quizzes
Events
Quiz Creation
Community
Videos
Private Events
Remove Ads
Sign In
Join for FREE
Feedback
Dark Mode
Quiz Categories
Sports
Geography
Music
Movies
Television
Just For Fun
Miscellaneous
History
Literature
Language
Science
Gaming
Entertainment
Religion
Holiday
For Kids
Quiz Lab
Recent
Popular Today
Quiz Kudos Today
Editor Picks
Curator Picks
Quizzes by...
Day
Popularity
Type
Ratings
Length
Year
Community
Subscriptions
Recent Discussions
Orange Saloon
Badges
Playlists
Quests
Create
Leaderboards
Showdown
Live 5
Trivia Bingo
Activity
Puzzle Library
Sporcle Events
Private Events
Virtual Trivia
Globe League
Become a Host
Pub Owners
SporcleCon
Opinionation
Our Games
Videos
Blog
Mobile Apps
Partnerships
Remove Ads and Go Orange
Feedback
Miscellaneous
Crossword
General Knowledge
Baby Names
Logo
Food
Cars
Numbers
Grab Bag
University
College
Popular
Company
Slogans
Restaurants
Justice
Letter
Miscellaneous
Crossword
General Knowledge
Baby Names
Logo
Food
Cars
Numbers
Grab Bag
University
College
Popular
Company
Slogans
Restaurants
Justice
Letter
Random Quiz
Search Sporcle
×
Quiz Lab
Quiz Lab
Miscellaneous
coral
Type in answers that appear in a list
Type in answers that appear in a list
Classic
Best Score? Go Orange.
How many Parkways in Cape coral Stats
Can you name the How many Parkways in Cape coral?
By
homealonegames
10m
36 Questions
21 Plays
21 Plays
21 Plays
Comments
Comments
Give Quiz Kudos
Give Quiz Kudos
-
- Ratings
hide this ad
Replay
Link that replays current quiz
Next Quiz
Link to next quiz in quiz playlist
You Got
0%
They Got
Avg Score
42%
Avg Friend Score
Upgrade to see
Score Distribution
Jump to the score distribution portion of the page
Score
0/36
Timer
10:00
0
Plays Today
% Correct
Cape Coral
95.2%
Veterans
71.4%
Kismet
61.9%
Diplomat
57.1%
Savona
57.1%
Tropicana
52.4%
Hancock Bridge
47.6%
Embers
47.6%
Trafalgar
47.6%
Cornwallis
47.6%
Mohawk
47.6%
Beach
47.6%
Coronado
47.6%
Jacaranda
42.9%
Wilmington
42.9%
Nicholas
42.9%
Gleason
42.9%
Palaco Grande
42.9%
% Correct
Yucatan
38.1%
Viscaya
38.1%
Everest
38.1%
Shelby
38.1%
El Dorado
38.1%
Durden
33.3%
Caloosa
33.3%
Vogiantzis
33.3%
Gulf Stream
33.3%
Ceitus
33.3%
Aviation
33.3%
Kamal
33.3%
Retunda
33.3%
Archer
33.3%
Del Navarra
28.6%
Douglas
28.6%
Wildwood
28.6%
Van Buren
23.8%
Quiz Playlist
Details
Report
Send in Message
Add To Playlist
Classic:
Type in answers that appear in a list
Last Updated: Feb 16, 2017
Quiz Scoreboard
CHALLENGE
Sign Up to Join the Scoreboard
Show All
Scores
Hide
Comments
May contain spoilers
Recently Published
Movies - When Are They Set?
by FPL_Elf
Movies
5m
Popular People in 1961
by mucciniale
History
6m
1-10 Letter E Words III
by El_Dandy
Language
2m
More to Explore
Quiz From the Vault
Featured Blog Post
Where Did the Easter Bunny Come From?
hide this ad
You Might Also Like...
Tags
cape
coral
Parkway
Today's Top Quizzes in Miscellaneous
Browse Miscellaneous
hide this ad
Today's Top Quizzes in coral
Browse coral
Top Contributed Quizzes in Miscellaneous
1
The JOE quick-fire general knowledge quiz: Day 173
2
The JOE quick-fire general knowledge quiz: Day 172
3
5-to-1: Fast Food
4
Sunday Crossword: Famous Bodies of Water
5
The JOE quick-fire general knowledge quiz: Day 171
6
One Thing in Common: United Kingdom II
7
Named After an Animal - Odd One Out!
8
sort kpop groups by number of members
9
The JOE quick-fire quiz: Day 170
10
Sunday Crossword: Themeless #5
Explore More
Trending Topics
Crossword
Marvel
Disney
Harry Potter
Kpop
Anime
NBA
Puzzle
The Office
Soccer
Country
Pokémon
WWE
Song
NFL
hide this ad
More By:
homealonegames
Quiz
Plays
Rating
Category
Featured
Created
She-wolf by David Guetta ft. Sia Lyrics
578
4.25
Music
Nov 29, 2013
Seven Seas of Rhye by Queen - Lyrics
373
Music
Dec 6, 2013
Counties of Florida
339
4.50
Geography
Dec 4, 2010
Name 10 names in SpongeBob
336
1.86
Television
Oct 25, 2010
Build Florida By Any 3 Letters
275
4.80
Geography
Sep 9, 2018
Go to Creator's Profile
Score Distribution
Quiz Creator Spotlight
homealonegames
Follow
Send a Message
Quizzes Created
-
Created Quiz Play Count
-
More By This Creator
Popular Quizzes Today
1
Find the Countries of Europe - No Outlines Minefield
2
Find the US States - No Outlines Minefield
3
The Countries of the World
4
Popular People in 1961
5
US States
6
1-10 Letter E Words III
7
Find the US States
8
One Thing in Common: World Cities II
More Miscellaneous Quizzes
Sunday Crossword: Titans Together
Editor's Pick
Trending Quizzes
Risky Map Clicking: Least Populous States A-Z
1-10 Letter F Words
Humor Books: The Subtitles
1-10 Letter G Words
One Thing in Common: United Kingdom
Recently Updated
Leaping Animals
pecheneg
Reality TV Shows (A-Z)
bhenderson79
Rickey Henderson's Hall of Fame Teammates
pecheneg
Champions League XIs: Arsenal
pecheneg
Quick Pick: Celebrities in WWE's Hall of Fame
aduchscher
A-Z Keypad Blitz II
pecheneg
Multiple Oscar Actors
pecheneg
Mystery Phrase Blitz: Oscar 'Best Actors'
pecheneg
F. Scott Fitzgerald Novels
LTH
Pick 3 Villains
ddd62291
Trending Topics
NBA
Marvel
Harry Potter
Disney
Kpop
Anime
Crossword
Soccer
WWE
Song
Country
NFL
The Office
Pokémon
Puzzle
Your Account Isn't Verified!
In order to create a playlist on Sporcle, you need to verify the email address you used during registration. Go to your
Sporcle Settings
to finish the process.
Report this User
Report this user for behavior that violates our
Community Guidelines
.
Details:
Send Report
Go to the Sporcle.com Mobile Site →
Comments